Garantia fiduciária : (Record no. 689)

MARC details
000 -LÍDER
Campo Fixo de Controle 00842nam a2200265 a 4500
001 - NÚMERO DE CONTROLE
Campo de Controle 689
003 - IDENTIFICAÇÃO DO NÚMERO DE CONTROLE
Campo de Controle BR-CuiBMT
005 - DATA E HORA DA ÚLTIMA ATUALIZAÇÃO
Campo de Controle 20231113205234.0
008 - DADOS FIXOS
Dados Fixos 231113s2000 spb 001 0 por d
020 ## - INTERNATIONAL STANDARD BOOK NUMBER
Nº do ISBN 8520317200
040 ## - AGÊNCIA CATALOGADORA
Código da Agência Catalogadora BR-CuiBMT
Agência que transcreveu o registro BR-CuiBMT
080 ## - Nº DA CLASSIFICAÇÃO DECIMAL UNIVERSAL
Nº edição CDU 2007
Nº Class. CDU 347.468
090 ## - NÚMERO DE CHAMADA
Nº classificação 347.468
Cutter R436g
Ano/Edição 3. ed.
100 1# - ENTRADA PRINCIPAL -- AUTOR PESSOAL
Nome pessoal Restiffe Neto, Paulo
Datas associadas ao nome 1933-
245 10 - TÍTULO PRINCIPAL
Título principal Garantia fiduciária :
Subtítulo direito e ações : manual teórico e prático com jurisprudência
Indicação de responsabilidade Paulo Restiffe Neto, Paulo Sérgio Restiffe
250 ## - EDIÇÃO
Edição 3. ed., rev., atual e ampl.
260 ## - PUBLICAÇÃO, DISTRIBUIÇÃO, ETC.
Local de publicação São Paulo :
Editora Revista dos Tribunais,
Data 2000.
300 ## - DESCRIÇÃO FÍSICA
N. páginas ou volumes 1079 p. ;
Dimensões 23 cm
504 ## - NOTA DE BIBLIOGRAFIA, ETC.
Nota de bibliografia Índice.
650 ## - ASSUNTO TÓPICO
Cabeçalho tópico ou nome geográfico Alienação fiduciária em garantia
650 ## - ASSUNTO TÓPICO
Cabeçalho tópico ou nome geográfico Fidúcia
650 ## - ASSUNTO TÓPICO
Cabeçalho tópico ou nome geográfico Negócio fiduciário
700 1# - ENTRADA SECUNDÁRIA -- NOME PESSOAL
Nome pessoal Restiffe, Paulo Sérgio
942 ## - ELEMENTOS DE ENTRADA ADICIONAIS (KOHA)
Fonte de classificação ou esquema de arquivamento Classificação Decimal Universal
Tipo de item do Koha Livros
Holdings
Estado: removido Estado: perdido Fonte de classificação ou esquema de arquivamento Estado: danificado Indisponível para empréstimo Localização permanente Localização atual Data de aquisição Total Checkouts Número de Chamada completo Código de barras Date last seen Número do exemplar Preço efetivo a partir de Tipo de item (Koha)
    Classificação Decimal Universal     Biblioteca da Escola Superior de Contas do TCE/MT Biblioteca da Escola Superior de Contas do TCE/MT 13/11/2023   347.468 R436g BIBTCEMT23110533 13/11/2023 Ex. 1 13/11/2023 Livros

Powered by Koha